Completa il nome della squadra di calcio - Statistics

Statistiche generali
  • Questo quiz è stato fatto 188 volte
  • Il punteggio medio è 32 su 41
Statistiche sulle risposte
Hint Risposta % Corretto
Bayern Monaco
95%
Borussia Dortmund
94%
Atletico Madrid
94%
Boca Juniors
93%
Aston Villa
93%
Crystal Palace
92%
Hellas Verona
92%
Celta Vigo
90%
Young Boys
85%
Sporting Lisbona
85%
FC Barcelona
84%
Nottingham Forest
84%
AC Milan
84%
River Plate
83%
Paris Saint-Germain
83%
Pro Vercelli
83%
West Ham
82%
PSV Eindhoven
81%
Al Nassr
81%
Real Sociedad
81%
Virtus Entella
80%
Tottenham Hotspur
78%
Deportivo La Coruña
78%
Lokomotiv Mosca
78%
Sparta Praga
78%
Juve Stabia
78%
Stella Rossa Belgrado
76%
Red Bull Salisburgo
76%
Foggia Calcio
74%
Olympique Lione
74%
Dinamo Zagabria
74%
Galatasaray Istanbul
73%
Blackburn Rovers
69%
Newcastle United
65%
Queens Park Rangers
64%
Inter Miami
62%
Wolverhampton Wanderers
61%
Brighton Hove Albion
60%
Feyenoord Rotterdam
60%
Everton FC
56%
Manchester City
54%
Nessun quiz corrispondente trovato
Distribuzione punteggi
Percentuale di utenti per punteggio
Percentile per numero di risposta
I tuoi punteggi nel tempo
Non hai fatto questo quiz